Effectif du FCSM 2025/2026 - Statistiques

Statistiques générales
  • Ce quiz a été pris 2 fois
  • Le résultat moyen est 2 sur 25
Statistiques - réponses
Poste Nom du joueur Numéro % Correct
Gardien Alexandre Pierre 30
100%
Attaquant Aymen Boutoutaou 28
50%
Attaquant Benjamin Gomel 7
50%
Attaquant Aboubacar Sidibé 12
0%
Défenseur Arthur Vitelli 4
0%
Défenseur Bendjaloud Youssouf 17
0%
Attaquant Boubacar Fofana 10
0%
Défenseur Dalangunypole Gomis 3
0%
Défenseur Dylan Tavares 24
0%
Défenseur Elie N'gatta 26
0%
Milieu Elson Mendes 6
0%
Défenseur Enzo Dodé-Zéhé 18
0%
Milieu Honoré Bayanginisa 8
0%
Milieu Jonathan Mexique 15
0%
Milieu Julien Masson 23
0%
Attaquant Julien Vetro 11
0%
Attaquant Kapit Djoco 9
0%
Défenseur Matthieu Peybernes 14
0%
Gardien Matthis Schübler-Lecart 16
0%
Gardien Mehdi Jeanin 1
0%
Défenseur Prince Mendy 20
0%
Attaquant Samy Baghdadi 5
0%
Attaquant Solomon Loubao 22
0%
Attaquant Victor Monthieu 25
0%
Coach Vincent Hognon /
0%
Aucun quiz correspondant
Distribution des résultats
% des personnes avec chaque résultat
Percentile par nombre de réponses
Votre historique - résultats
Vous n’avez pas pris ce quiz